000 00648nam a2200181Ia 4500
008 100920s9999 xx 000 0 und d
082 _b108479
_a375 न 08
100 _aसाळुंखे संदीपकुमार.
245 _aधडपडणा-या तरूणाईसाठी.
260 _bसृजन प्रकाशन,अमळनेर.
_c2008
300 _a130
_bसाधी
365 _b90
520 _aशालो.
630 _aधडपडणा-या तरूणाईसाठी.
650 _aशालो.
730 _aधडपडणा-या तरूणाईसाठी.
942 _cBOOK
999 _c748898
_d748895